000
00262nam a2200109Ia 4500
008
200302s9999 xx 000 0 und d
100
_a
Liang- Hue
245
_a
Keep a City Moving
260
_b
Asian Productivity Organization
260
_c
1993
300
_a
292 P.,
999
_c
5661
_d
5661